000 00238nam a2200097Ia 4500
008 230508s1999 xx 000 0 und d
041 _aeng
100 _aTOKHEIM
245 _aDIGITAL ELECTRINICS PRIN OF PRACTICE
260 _bTATA MCG
_c1999
999 _c332154
_d332154